Statistiques concernant Pays les plus proches d'Israel - une minute sprint

Cliquez ici pour prendre le quiz!

Statistiques générales

  • Ce quiz a été pris 62 fois
  • Le résultat moyen est 14 sur 20

Statistiques - réponses

kmpays% Correct
0Égypte
98%
0Syrie
96%
16Arabie Saoudite
94%
0Jordanie
94%
0Liban
94%
285Turquie
92%
291Irak
91%
906Iran
85%
228Chypre
77%
1093Koweït
75%
834Libye
68%
1047Arménie
66%
0Palestine
66%
1057Géorgie
64%
1082Azerbaïdjan
58%
723Grèce
57%
1188Russie
45%
833Soudan
34%
1169Bulgarie
28%
1314Roumanie
21%

Distribution des résultats

Percentile par nombre de réponses

% des personnes avec chaque résultat

Votre développement - résultats

Vous n’avez pas pris ce quiz